Statistiche per Stati per numero di Stazioni televisive

Clicka qui per fare il quiz!

Statistiche generali

  • Questo quiz è stato fatto 3 volte
  • Il punteggio medio è 9 su 10

Statistiche sulle risposte

Numero stazioni televisiveContinenteNazione% Corretto
4 900AsiaCina
100%
584EuropaFrancia
100%
868AsiaIndia
100%
1 822EuropaRegno Unito
100%
6 700Asia / EuropaRussia
100%
1 780EuropaSpagna
100%
2 761America del NordStati Uniti
100%
635Asia / EuropaTurchia
100%
647EuropaUcraina
67%
575EuropaRomania
33%

Distribuzione punteggi

Percentile per numero di risposta

Percentuale di utenti per punteggio

I tuoi punteggi nel tempo

Non hai fatto questo quiz